Historia de la literatura griega

Đã lưu trong:
Chi tiết về thư mục
Tác giả chính: Cataudella, Quintino (Tác giả)
Định dạng: Sách
Ngôn ngữ:Tiếng Tây Ban Nha
Được phát hành: Barcelona, España Iberia 1954
Những chủ đề:
Các nhãn: Thêm thẻ
Không có thẻ, Là người đầu tiên thẻ bản ghi này!

MARC

LEADER 00000nam a2200000 a 4500
001 UCP7588
003 CL-VaPUC
005 20230816110519.0
008 991217e19540000SP |||||||||||||||||spa|d
999 |c 284708  |d 284706 
040 |c Pontificia Universidad Católica de Valparaíso 
082 0 4 |a 880.9 CAT 1954  |2 21 
100 0 |a Cataudella, Quintino  |e author  |9 437035 
245 1 0 |a Historia de la literatura griega 
260 |a Barcelona, España  |b Iberia  |c 1954 
300 |a 434 páginas 
583 |a last modification  |c 19991217 00:00:00  |k Rodrigo Vera 
650 7 |a LITERATURA GRIEGA  |2 CL-VaPUC  |9 258054 
650 0 |a Historia y estudios conexos  |9 338055 
650 7 |a POESIA GRIEGA  |2 CL-VaPUC  |9 265054 
650 7 |a PROSA GRIEGA  |2 CL-VaPUC  |9 347172 
650 0 |a Tragedia griega  |9 265362 
651 0 |a Grecia antigua   |9 327505 
942 |c BK  |2 ddc 
945 |d 19991217 00:00:00  |a rherrera 
952 |0 0  |1 0  |4 0  |6 880_900000000000000_CAT_1954  |7 0  |8 A  |9 328889  |a BIBHIS  |b BIBHIS  |d 2019-11-20  |i 1379399  |o 880.9 CAT 1954  |p 1379399  |r 2025-01-20  |w 2019-11-20  |y BK  |k HIS